000 00653nam a22002172 4500
001 0000024543
005 20151217154512.0
008 131220s xx 000 0 eng d
020 _a019955148 :
040 _aKABU
_cKABU
100 1 _aHarding, Christopher.
_@0000184812
245 1 0 _aRegulating cartels in Europe /
_cChristopher Harding and Julian Joshua.
250 _a2nd ed.
260 _aOxford :
_bO. U. P,
_c2010.
300 _axxvii, 409 p.
650 0 _aCartels
_zEurope.
_@0000184813
700 1 _aJoshua, Julian.
_@0000184814
852 1 _9p9315 KES
908 _a131220
950 _@1
999 _c11572
_d11572